| 000 | 00000nam 2200000za 4500 |
| 001 | 9.852274 |
| 003 | CaOODSP |
| 005 | 20250903101550 |
| 007 | cr ||||||||||| |
| 008 | 180223s2018 qucd o f100 0 fre d |
| 020 | |a978-0-660-25339-8 |
| 040 | |aCaOODSP|bfre |
| 043 | |an-cn--- |
| 086 | 1 |aEn4-296/2017F-PDF |
| 111 | 2 |aForum scientifique national du RCBA |d(2017 : |cEdmonton, Alta.) |
| 245 | 10|aForum scientifique national 2017 du RCBA – ordre du jour et résumés |h[ressource électronique] : |bdu 28 février au 1er mars 2017, Edmonton (Alberta). |
| 260 | |aGatineau, QC : |bEnvironnement et changement climatique Canada, |cc2018. |
| 300 | |a32 p. : |bgraph. en coul. |
| 500 | |aPubl. aussi en anglais sous le titre : National CABIN Science Forum 2017 – agenda and abstracts: February 28—March 1, 2017, Edmonton, Alberta. |
| 500 | |aTitre de la couv. |
| 692 | 07|2gccst|aÉcosystème aquatique |
| 692 | 07|2gccst|aGestion de l'environnement |
| 692 | 07|2gccst|aCongrès |
| 693 | 4|aSurveillance biologique |
| 710 | 2 |aRéseau canadien de biosurveillance aquatique. |
| 710 | 1 |aCanada. |bEnvironnement et changement climatique Canada. |
| 775 | 08|tNational CABIN Science Forum 2017 – agenda and abstracts |w(CaOODSP)9.852269 |
| 856 | 40|qPDF|s1.88 Mo|uhttps://publications.gc.ca/collections/collection_2018/eccc/En4-296-2017-fra.pdf |